La peste

Uloženo v:
Podrobná bibliografie
Hlavní autor: Camus, Albert (Autor)
Médium: Kniha
Jazyk:francouzština
Vydáno: París Gallimard 1947
Edice:Oeuvres d'Albert Camus
Témata:
Tagy: Přidat tag
Žádné tagy, Buďte první, kdo vytvoří štítek k tomuto záznamu!

MARC

LEADER 00000nam a2200000 a 4500
001 UCZ3393
003 CL-VaPUC
008 951020e19470000FR |||||||||||||||||fre|d
082 0 4 |a 843  |b CAM  |2 21 
100 0 |a Camus, Albert  |e author  |9 315220 
245 1 3 |a La peste 
300 |a 332 p 
942 |c BK 
945 |d 19951020 00:00:00  |a cmena 
260 |a París  |b Gallimard  |c 1947 
650 0 |a Novela francesa  |9 264985 
650 0 |a Literatura francesa  |9 266330 
583 |a last modification  |c 19951020 00:00:00  |k Rodrigo Vera 
490 0 |a Oeuvres d'Albert Camus 
999 |c 239874  |d 239872 
952 |0 0  |1 0  |4 0  |6 843_000000000000000_CAM_1947  |7 0  |8 A  |9 251332  |a BIBEDU  |b BIBEDU  |d 2019-11-18  |i 1587447  |o 843 CAM 1947  |p 1587447  |r 2019-11-18  |w 2019-11-18  |y BK  |k FIL 
952 |0 0  |1 0  |4 0  |6 843_000000000000000_CAM_1947  |7 0  |8 A  |9 251333  |a BIBEDU  |b BIBEDU  |d 2019-11-18  |i 143151K  |o 843 CAM 1947  |p 143151K  |r 2019-11-18  |w 2019-11-18  |y BK  |k LIT